[Event "POL-chJ"]
[Site "Opole"]
[Date "1974.07.28"]
[Round "9"]
[White "Panczyk, Krzysztof"]
[Black "Jedra, Waldemar"]
[Result "1/2-1/2"]
[WhiteElo "1700"]
[BlackElo "1500"]
[PlyCount "67"]
[EventDate "1974.07.??"]
[EventType "swiss"]
[EventRounds "11"]
[EventCountry "POL"]

1. d4 Nf6 2. c4 g6 3. Nc3 Bg7 4. e4 d6 5. Be2 O-O 6. Nf3 e5 7. O-O Nc6 8. d5
Ne7 9. Ne1 Nd7 10. Nd3 f5 11. Bd2 Nf6 12. f3 f4 13. c5 g5 14. Rc1 Ng6 15. cxd6
cxd6 16. Nb5 Rf7 17. Qc2 Ne8 18. a4 h5 19. Nxa7 $4 Qb6+ 20. Nf2 Qxa7 21. Kh1
Bd7 22. b3 Rc8 23. Qb2 Rxc1 24. Qxc1 Qb8 25. Qc4 Bf8 26. Rc1 Rg7 27. h3 Nh8 28.
a5 Nf7 29. Qb4 Qa7 30. Qb6 Qxb6 31. axb6 Nh6 32. Ba6 {Diagram #} Bxh3 (32...
Bf5 33. Bb5 (33. exf5 bxa6 34. Rc8 Nf6 35. Rc7 Nd7 36. f6 Rf7 37. Ba5 Nf5 38.
Ne4 Ng3+ $15 {[%eval -39,14]}) 33... Bg6 34. Rc8 Re7 35. Bb4 Kg7 36. Bxe8 Rxe8
37. Rc7+ Kf6 38. Rxb7 g4 $15 {[%eval -26,14]}) 33. Bb5 (33. Nxh3 g4 (33... bxa6
34. Nxg5 (34. Rc8 Nf6 35. Nxg5 Rb7 36. Ne6 Nd7 37. Ba5 Nxb6 38. Rxf8+ Kh7 39.
Kh2 $18 {[%eval 152,14]}) 34... Rb7 35. Rc8 Ng7 36. Ba5 h4 37. Kh2 h3 38. gxh3
Re7 39. Rc7 $18 {[%eval 457,14]}) 34. Ng5 (34. Bb5 gxh3 35. Bxe8 hxg2+ 36. Kg1
h4 37. Rc7 Rg3 38. Be1 Rxf3 39. Kxg2 $11 {[%eval -10,14]}) 34... Rxg5 35. Bxb7
gxf3 36. gxf3 Rg3 37. Bc6 Ng4 38. fxg4 Nf6 39. Rb1 $18 {[%eval 195,14]}) 33...
Bd7 34. Ba6 (34. Ba6 Bf5) 1/2-1/2

[Event "Mecz"]
[Site "Siedlce"]
[Date "1975.03.25"]
[Round "6"]
[White "Panczyk, Krzysztof"]
[Black "Kurpiewski, Slawomir"]
[Result "1-0"]
[WhiteElo "1700"]
[BlackElo "1700"]
[Annotator "Krzysztof Panczyk"]
[PlyCount "53"]
[EventDate "1975.??.??"]
[EventType "match"]
[EventRounds "8"]
[EventCountry "POL"]

1. c4 e6 2. Nf3 b6 3. g3 Bb7 4. Bg2 Nf6 5. O-O Be7 6. d4 O-O 7. Nc3 d5 8. Ne5
c6 9. e4 Nbd7 $2 10. Nxc6 Bxc6 11. exd5 exd5 12. cxd5 Bb7 13. d6 Bxg2 14. dxe7
Qxe7 15. Kxg2 Rfe8 16. Bf4 Ne4 $2 17. Re1 (17. Nd5 $1) 17... Nxc3 18. Rxe7 Nxd1
19. Rxe8+ Rxe8 20. Rxd1 Re2 21. Rc1 h6 22. Rc8+ Kh7 23. Rc7 Nf6 24. Rxf7 Rxb2
25. Rxa7 Ng4 26. Be5 Nxf2 27. Rxg7+ 1-0

[Event "POL-chJ"]
[Site "Opole"]
[Date "1976.07.27"]
[Round "10"]
[White "Panczyk, Krzysztof"]
[Black "Kojder, Konrad"]
[Result "1-0"]
[WhiteElo "1700"]
[BlackElo "2000"]
[PlyCount "91"]
[EventDate "1976.07.??"]
[EventType "swiss"]
[EventRounds "11"]
[EventCountry "POL"]

1. e4 c5 2. Nf3 e6 3. d4 cxd4 4. Nxd4 Nc6 5. Nc3 Qc7 6. g3 a6 7. Bg2 Nf6 8. O-O
d6 9. Re1 Be7 10. Nxc6 bxc6 11. e5 dxe5 12. Rxe5 O-O 13. Bf4 Bd6 $2 {Diagram #}
14. Rxe6 Bxe6 15. Bxd6 Qb6 16. Bxf8 Rxf8 17. b3 Rd8 18. Qe1 h6 19. Rd1 c5 20.
Na4 Rxd1 21. Qxd1 Qc7 22. c4 Qe5 23. h3 Kh7 24. Kh2 Nd7 25. Qd2 g6 26. Qe3 Qd6
27. Nc3 Kg7 28. Bd5 Nf6 29. Bxe6 fxe6 30. Qf3 Qd4 31. Ne2 Qe5 32. Qb7+ Kg8 33.
Nf4 g5 34. Qc8+ Kf7 35. Qf8+ Kxf8 36. Ng6+ Ke8 37. Nxe5 Ne4 38. Nd3 Nc3 39. a4
a5 40. Nxc5 Nd1 41. Kg2 Nb2 42. Kf3 Ke7 43. Ke2 Kd8 44. Kd2 Kc7 45. Kc2 Kc6 46.
Ne4 1-0

[Event "Int U26"]
[Site "Bydgoszcz"]
[Date "1980.04.23"]
[Round "12"]
[White "Panczyk, Krzysztof"]
[Black "Hawelko, Marek"]
[Result "1-0"]
[WhiteElo "2310"]
[BlackElo "2320"]
[PlyCount "81"]
[EventDate "1980.04.??"]
[EventType "tourn"]
[EventRounds "15"]
[EventCountry "POL"]
[EventCategory "1"]

1. d4 Nf6 2. c4 c5 3. d5 e6 4. Nc3 exd5 5. cxd5 d6 6. e4 g6 7. Be2 Bg7 8. Nf3
O-O 9. O-O a6 10. a4 Bg4 11. h3 Bxf3 12. Bxf3 Nbd7 13. Bf4 Qc7 14. Re1 Rfe8 15.
Qc2 Re7 16. Be2 Rae8 17. Bf1 c4 18. Rad1 Ne5 19. Kh1 Nfd7 20. Bg3 Nc5 21. Bh4
f6 22. Bg3 Ned3 23. Bxd3 cxd3 24. Qd2 Nxe4 25. Nxe4 Rxe4 26. Rxe4 Rxe4 27. Qxd3
f5 28. b3 Qc5 29. f3 Re3 30. Qd2 Bc3 $2 {Diagram #} 31. Bxd6 $1 Qb6 32. a5 Qxb3
33. Qxe3 Qxd1+ 34. Kh2 Qe1 35. Qc5 Be5+ 36. f4 Bxd6 37. Qxd6 Qe8 38. Qc7 Qe4
39. Qe5 Qxe5 $4 40. fxe5 Kf7 41. g4 {Z} 1-0

[Event "Iasi"]
[Site "Iasi"]
[Date "1980.07.28"]
[Round "11"]
[White "Panczyk, Krzysztof"]
[Black "Roos, Louis"]
[Result "1-0"]
[WhiteElo "2310"]
[BlackElo "2225"]
[PlyCount "55"]
[EventDate "1980.07.??"]
[EventType "tourn"]
[EventRounds "13"]
[EventCountry "ROM"]
[EventCategory "3"]

1. d4 e6 2. Nf3 Nf6 3. c4 b6 4. g3 Bb7 5. Bg2 Be7 6. Nc3 Ne4 7. Qc2 Nxc3 8.
Qxc3 O-O 9. O-O d6 10. Qc2 f5 11. d5 e5 12. b3 Qe8 13. Bb2 Nd7 14. Rad1 Rd8 15.
b4 a6 16. Nd2 g5 17. f4 gxf4 18. gxf4 e4 19. Kh1 Qh5 20. Rg1 Kf7 21. Nxe4 $1 (
21. Bxe4 fxe4 22. Qxe4 (22. Rg7+ Ke8 23. Rxe7+ Kxe7 24. Qxe4+ Ne5 $14) 22...
Ke8 23. Rg5 $40) 21... fxe4 22. Qxe4 $1 Ke8 23. Bf3 Qf5 24. Qxf5 Rxf5 25. e4
Rf7 (25... Rf6 26. Bh5+ Kf8 27. Rd3 a5 28. Rdg3 Rg6 29. Bxg6 hxg6 30. Rxg6 Ke8
31. Rg8+ Bf8 $18 {[%eval 247,14]}) 26. Bh5 Nf8 27. Rg8 Bh4 28. Rdg1 1-0

[Event "Puchar Prezesa KS 'Korona'"]
[Site "Krakow"]
[Date "1980.09.02"]
[Round "2"]
[White "Panczyk, Krzysztof"]
[Black "Piskorz, Henryk"]
[Result "1-0"]
[WhiteElo "2310"]
[BlackElo "2240"]
[PlyCount "119"]
[EventDate "1980.09.??"]
[EventType "swiss"]
[EventRounds "10"]
[EventCountry "POL"]

1. d4 d5 2. c4 e6 3. Nc3 f5 4. Bf4 c6 5. e3 Ne7 6. Bd3 Ng6 7. Nh3 Nxf4 8. Nxf4
Qf6 9. cxd5 exd5 10. Qc2 Bd6 $2 11. Ncxd5 Qd8 12. Nc3 Bxf4 13. exf4 O-O 14. Ne2
Nd7 15. O-O Nb6 16. Rad1 Be6 17. Rfe1 g6 18. Nc3 Bf7 19. Bf1 Qf6 20. a4 a5 21.
Re5 Rfd8 22. g3 Rd6 23. Qe2 Kf8 24. Qe3 Qd8 25. h3 Nd7 26. Re1 Nxe5 27. fxe5
Re6 28. Bc4 Re7 29. e6 Bg8 30. Qh6+ Ke8 {Diagram #} 31. Nd5 Qxd5 32. Bxd5 cxd5
33. h4 Ra6 34. Qf4 Bxe6 35. Qb8+ Kf7 36. Rc1 Rb6 37. Rc7 Rxb2 38. Qh8 Rxc7 39.
Qxh7+ Kf6 40. Qxc7 b6 41. Kg2 Rb4 42. Kf3 Rxa4 43. Qxb6 Ra2 44. Qd8+ Kg7 45.
Kf4 Rxf2+ 46. Kg5 Bf7 47. Qf6+ Kf8 48. Qd6+ Kg8 49. Qd8+ Kg7 50. Qf6+ Kf8 51.
Qh8+ Ke7 52. Qe5+ Be6 53. Qc7+ Bd7 54. Qxa5 Re2 55. Qc5+ Ke8 56. Kxg6 Re3 57.
h5 Rxg3+ 58. Kf6 Re3 59. h6 Re6+ 60. Kg7 1-0

[Event "Puchar Prezesa KS 'Korona'"]
[Site "Krakow"]
[Date "1980.09.07"]
[Round "7"]
[White "Panczyk, Krzysztof"]
[Black "Bernard, Ryszard"]
[Result "1-0"]
[WhiteElo "2310"]
[BlackElo "2370"]
[Annotator "Krzysztof Panczyk"]
[PlyCount "67"]
[EventDate "1980.09.??"]
[EventType "swiss"]
[EventRounds "10"]
[EventCountry "POL"]

1. d4 d5 2. c4 dxc4 3. Nf3 Nf6 4. e3 e6 5. Bxc4 c5 6. O-O a6 7. a4 Nc6 8. Qe2
cxd4 9. Rd1 d3 10. Bxd3 Qc7 11. e4 Bd7 12. Nc3 Ng4 {Diagram #} 13. Nd5 exd5 14.
exd5+ Be7 15. Re1 Kf8 16. dxc6 Bxc6 17. Bf4 Bd6 18. Bxd6+ Qxd6 19. Be4 Re8 20.
Qc4 Bxe4 21. Rxe4 Nf6 22. Rxe8+ Nxe8 23. Re1 g6 24. Ne5 Qe6 25. Qd4 (25. Qb4+
$1 Kg7 (25... Kg8 26. Ng4) 26. Nxf7) 25... Kg8 26. Nf3 Qc6 27. h3 Nf6 28. Re7
Nd5 29. Rxf7 Qc1+ 30. Kh2 Kxf7 31. Qxd5+ Ke8 $2 (31... Kg7 32. Qe5+ Kg8 33. Ng5
$18) 32. Qe5+ Kd7 33. Qxh8 Qf4+ 34. Kh1 1-0

[Event "Puchar Min. Komunikacji"]
[Site "Warszawa"]
[Date "1981.06.24"]
[Round "3"]
[White "Schinzel, Wladyslaw"]
[Black "Panczyk, Krzysztof"]
[Result "1/2-1/2"]
[WhiteElo "2380"]
[BlackElo "2365"]
[PlyCount "57"]
[EventDate "1981.04.??"]
[EventType "tourn"]
[EventRounds "11"]
[EventCountry "POL"]

1. c4 Nf6 2. Nc3 c5 3. Nf3 Nc6 4. e3 e6 5. d4 d5 6. cxd5 Nxd5 7. Bc4 cxd4 8.
exd4 Be7 9. O-O O-O 10. Re1 Nf6 11. a3 b6 12. Qd3 Bb7 13. Bg5 h6 14. Bf4 Bd6
15. Bd2 Ne7 16. Rad1 Rc8 17. Ba2 Bb8 18. Bc1 Ned5 19. Ne5 Bxe5 20. Rxe5 Qc7 21.
Ne2 {Diagram #} Ng4 22. Rh5 Ndf6 23. Rh3 Be4 24. Qd2 Bxg2 (24... Bd5 25. Bxd5 (
25. Bb1 Bc4 26. Nf4 e5 27. f3 Rfd8 28. fxg4 Rxd4 29. Nd3 e4 30. g5 $15 {[%eval
-55,14]}) 25... Nxd5 26. Rg3 f5 27. Nc3 Nxc3 28. bxc3 Nf6 29. Bb2 Ne4 30. Qxh6
$15 {[%eval -41,14]}) (24... Bc2 25. Rf1 Rfd8 26. Nc3 Bg6 27. Qe2 e5 28. d5 e4
29. Rg3 Ne5 30. Be3 $11 {[%eval -5,14]}) 25. Kxg2 Nxf2 26. Rg3 Nxd1 27. Rxg7+
Kxg7 28. Qxh6+ Kg8 29. Qg5+ 1/2-1/2

[Event "Puchar Min. Komunikacji"]
[Site "Warszawa"]
[Date "1981.06.27"]
[Round "5"]
[White "Petryk, Henryk"]
[Black "Panczyk, Krzysztof"]
[Result "1/2-1/2"]
[WhiteElo "2390"]
[BlackElo "2365"]
[PlyCount "110"]
[EventDate "1981.04.??"]
[EventType "tourn"]
[EventRounds "11"]
[EventCountry "POL"]

1. e4 e5 2. Nf3 Nc6 3. Bb5 a6 4. Ba4 Nf6 5. O-O Be7 6. Re1 b5 7. Bb3 d6 8. c3
O-O 9. h3 Bb7 10. d4 Re8 11. Ng5 Rf8 12. Nf3 Re8 13. a4 h6 14. Nbd2 Bf8 15. Bc2
Nb8 16. dxe5 dxe5 17. Qe2 c6 18. Nf1 Nbd7 19. Ne3 g6 20. Ng4 Nxg4 21. hxg4 Nc5
22. g3 Bc8 23. Rd1 Qe7 24. Nd2 Ra7 25. axb5 cxb5 26. b4 Nd7 27. Nf1 Rc7 28. Ne3
Nb6 29. Bd2 Rd8 30. Bb3 Bb7 31. f3 Rcd7 {R} 32. Ra2 Bg7 33. Nf1 Kh7 34. Rda1
Bf6 35. Be3 Nc8 36. Bc5 Qe8 37. Ne3 Be7 38. Nd5 Bxc5+ 39. bxc5 Kg7 40. Qe3 Ne7
41. Nb4 {Z} Nc6 42. Rh2 g5 43. Nd5 Ne7 {Diagram #} 44. Nf6 (44. c6 Bxc6 45.
Rxa6 Nxd5 46. exd5 Rxd5 47. Bxd5 Rxd5 48. Re2 Qd7 49. Kf2 Qd6 50. Rea2 $14 {
[%eval 43,14]}) 44... Kxf6 45. Rxh6+ Ng6 46. Rh5 Nf4 47. gxf4 exf4 48. e5+ Ke7
49. Qe1 Rd3 50. e6 Re3 51. Qb1 (51. Qf2) 51... Rxf3 52. Qf5 Rg3+ 53. Kf1 Rf3+
54. Kg1 Rg3+ 55. Kf1 Rf3+ 1/2-1/2

[Event "Mecz towarzyski1981/82"]
[Site "Siedlce"]
[Date "1981.12.30"]
[Round "4"]
[White "Panczyk, Krzysztof"]
[Black "Kurpiewski, Slawomir"]
[Result "1-0"]
[WhiteElo "2375"]
[BlackElo "1900"]
[PlyCount "99"]
[EventDate "1981.12.??"]
[EventType "match"]
[EventRounds "6"]
[EventCountry "POL"]

1. d4 Nf6 2. c4 g6 3. Nc3 Bg7 4. e4 O-O 5. Be2 d6 6. Nf3 e5 7. O-O Nc6 8. d5
Ne7 9. b4 a5 10. bxa5 Rxa5 11. Nd2 c5 12. Rb1 Nd7 13. Nb5 Ra6 14. Rb3 f5 15.
Ra3 Rxa3 16. Bxa3 Nf6 17. f3 Bh6 18. Bd3 Be3+ 19. Kh1 Bxd2 20. Qxd2 fxe4 21.
fxe4 Nxe4 22. Qe1 Nf6 23. Bc1 Kg7 24. Qh4 Neg8 25. Kg1 Rf7 26. Qg5 Qf8 27. Bb2
Bd7 {Diagram #} 28. Nxd6 Qxd6 29. Bxe5 Qf8 30. h4 Be8 $2 31. h5 Qe7 32. hxg6
hxg6 33. Bxg6 Qxe5 34. Qxe5 Kxg6 35. Qf5+ Kg7 36. Qe5 b5 37. g4 Re7 38. Qd6 Re4
39. Rf4 Rxf4 40. Qxf4 bxc4 41. g5 Nd7 42. Qxc4 Ne7 43. Qe4 Kf8 44. Qe6 Ng6 45.
a4 Nge5 46. a5 Bf7 47. Qd6+ Kg7 48. a6 Nf3+ 49. Kh1 Nde5 50. a7 1-0

[Event "Partie towarzyskie"]
[Site "Siedlce"]
[Date "1981.12.28"]
[Round "1"]
[White "Kurpiewski, Slawomir"]
[Black "Panczyk, Krzysztof"]
[Result "0-1"]
[WhiteElo "1900"]
[BlackElo "2375"]
[PlyCount "50"]
[EventDate "1981.12.??"]
[EventType "game (blitz)"]
[EventRounds "2"]
[EventCountry "POL"]

1. e4 c5 2. Nf3 Nc6 3. d4 cxd4 4. Nxd4 g6 5. Nc3 Bg7 6. Be3 Nf6 7. Bc4 O-O 8.
Bb3 d6 9. f3 Bd7 10. Qd2 Nxd4 11. Bxd4 b5 12. O-O a5 13. a4 b4 14. Nd5 Nxd5 15.
Bxd5 Rc8 16. Rfc1 Qc7 17. Kh1 Bxd4 18. Qxd4 Qc5 19. Qd3 Rc7 20. Bb3 Rfc8 21. h3
Qe5 22. Rab1 Rc5 23. Rd1 Qg3 24. Qf1 $4 {Diagram #} Bxh3 25. gxh3 Rxc2 0-1

[Event "Wawrzyn Srebrnych Helmow"]
[Site "Wroclaw"]
[Date "1982.10.10"]
[Round "2"]
[White "Seifert, Milan"]
[Black "Panczyk, Krzysztof"]
[Result "1/2-1/2"]
[WhiteElo "2325"]
[BlackElo "2380"]
[PlyCount "74"]
[EventDate "1982.10.??"]
[EventType "tourn"]
[EventRounds "11"]
[EventCountry "POL"]
[EventCategory "4"]

1. e4 e5 2. Nf3 Nc6 3. Bb5 a6 4. Ba4 Nf6 5. O-O b5 6. Bb3 Bb7 7. Re1 Bc5 8. c3
d6 9. d4 Bb6 10. Nh4 Qd7 11. Nf5 O-O-O 12. d5 {Diagram #} Nxe4 13. Rxe4 Qxf5
14. Re2 Ne7 15. a4 e4 16. axb5 axb5 17. c4 {R} bxc4 18. Bxc4 Nxd5 19. Nc3 Nxc3
20. bxc3 Rhe8 21. Be3 Bxe3 22. fxe3 Re7 23. Ra7 Qc5 24. Qa4 Bc6 25. Qa2 Kd7 26.
Ra5 Ra8 27. Rxa8 Bxa8 28. Bxf7 Qxc3 29. Bh5 Bc6 30. Bg4+ Kd8 31. h3 Re8 32. Qa7
Bd7 33. Qa8+ Ke7 34. Qxe4+ Qe5 35. Qxh7 Qa1+ 36. Kh2 Qe5+ 37. Kg1 Qa1+ 1/2-1/2

[Event "Mistrzostwa WP op"]
[Site "Rynia"]
[Date "1984.03.21"]
[Round "3"]
[White "Jablonski, M."]
[Black "Panczyk, Krzysztof"]
[Result "0-1"]
[WhiteElo "2149"]
[BlackElo "2365"]
[PlyCount "60"]
[EventDate "1984.03.??"]
[EventType "swiss"]
[EventRounds "11"]
[EventCountry "POL"]

1. e4 e5 2. Nc3 Nf6 3. g3 Bb4 4. Bg2 O-O 5. Nge2 c6 6. O-O d5 7. exd5 cxd5 8.
d4 exd4 9. Nb5 Nc6 10. Nbxd4 Bg4 11. Nxc6 bxc6 12. Qd3 Re8 13. Nd4 Rc8 14. c3
Bc5 15. Be3 Bb6 16. Rfe1 c5 17. Nc2 Qd7 18. Na3 d4 19. cxd4 cxd4 20. Bf4 Bf5
21. Qb3 d3 22. Bf3 Be4 23. Bxe4 Nxe4 24. Be3 Bxe3 25. Rxe3 {Diagram #} Nxf2 26.
Nc4 Ng4 27. Rxd3 Qf5 28. Rf1 Re1 29. Rdf3 Rxf1+ 30. Rxf1 Qc5+ 0-1

[Event "POL-chT"]
[Site "Jachranka"]
[Date "1987.09.29"]
[Round "7"]
[White "Panczyk, Krzysztof"]
[Black "Bernard, Ryszard"]
[Result "1-0"]
[WhiteElo "2405"]
[BlackElo "2350"]
[PlyCount "67"]
[EventDate "1987.09.??"]
[EventType "team"]
[EventRounds "11"]
[EventCountry "POL"]

1. d4 d5 2. Nf3 Nf6 3. c4 dxc4 4. e3 e6 5. Bxc4 c5 6. O-O a6 7. Qe2 b5 8. Bd3
cxd4 9. exd4 Be7 10. Nc3 Bb7 11. Bg5 Nbd7 12. Rad1 O-O 13. Rfe1 b4 14. Na4 Qa5
15. Nc5 Nxc5 16. dxc5 Qxc5 17. Ne5 Rad8 18. Rc1 Qd5 19. f4 h6 20. Bh4 Rc8 21.
Bc4 Qd4+ 22. Kh1 Qxf4 {Diagram #} 23. Ng6 fxg6 24. Bxe6+ Kh7 25. Bxc8 Rxc8 26.
Rxc8 Qxh4 27. Rc4 Qg5 28. Rc7 Bc5 29. Rxb7 Ng4 30. Rf7 Qh4 31. g3 Qh5 32. Rf4
Qd5+ 33. Qe4 Nf2+ 34. Rxf2 1-0

[Event "POL-ch sf"]
[Site "Gdynia"]
[Date "1987.11.16"]
[Round "8"]
[White "Siekanski, Janusz"]
[Black "Panczyk, Krzysztof"]
[Result "0-1"]
[WhiteElo "2300"]
[BlackElo "2405"]
[PlyCount "60"]
[EventDate "1987.11.??"]
[EventType "swiss"]
[EventRounds "13"]
[EventCountry "POL"]

1. Nf3 Nf6 2. c4 e6 3. d4 c5 4. Nc3 cxd4 5. Nxd4 Bb4 6. g3 Ne4 7. Qd3 Qa5 8.
Nb3 Nxc3 9. Bd2 Ne4 10. Qxe4 Bxd2+ 11. Nxd2 O-O 12. Bg2 Nc6 13. Qe3 d5 14. O-O
d4 15. Qd3 e5 16. a3 f5 17. Bxc6 bxc6 18. f4 Be6 19. b4 Qc7 20. fxe5 Qxe5 21.
Rf4 a5 22. Rb1 axb4 23. axb4 Qe3+ 24. Kf1 g5 25. Rxd4 {Diagram #} f4 26. Kg2 (
26. g4 $1 Bxg4 27. Qxe3 fxe3+ 28. Nf3 Bxf3 29. exf3 Rxf3+ 30. Kg1 e2 $15) 26...
Qxd3 (26... Bf5 $1 27. Qxe3 fxe3 28. Ne4 Rae8 $19) 27. Rxd3 Bf5 28. Rdb3 (28.
Rb2 Bxd3 29. exd3 Rfd8 30. b5 cxb5 31. cxb5 Rxd3 $17) 28... Bxb1 29. Nxb1 Ra2
30. Nc3 $2 (30. Kf3 fxg3+ $19) 30... f3+ 0-1

[Event "Puchar Min. Komunikacji"]
[Site "Warszawa"]
[Date "1988.04.25"]
[Round "3"]
[White "Panczyk, Krzysztof"]
[Black "Weglarz, Leszek"]
[Result "1-0"]
[WhiteElo "2435"]
[BlackElo "2280"]
[PlyCount "161"]
[EventDate "1988.04.??"]
[EventType "swiss"]
[EventRounds "11"]
[EventCountry "POL"]

1. d4 d5 2. c4 e6 3. Nc3 Nf6 4. Bg5 Be7 5. e3 Nbd7 6. Nf3 O-O 7. Rc1 c6 8. Bd3
Re8 9. O-O Nf8 10. Ne5 N6d7 11. Bf4 Nxe5 12. Bxe5 Ng6 13. Bg3 dxc4 14. Bxc4 Bd6
15. Bxd6 Qxd6 16. Qh5 Qe7 17. f4 Bd7 18. Ne4 Nf8 19. Ng5 f6 20. Ne4 Rad8 21.
Qa5 a6 22. Qc7 Bc8 23. Qxe7 Rxe7 24. Nc5 Kf7 25. b4 Rc7 26. a4 Ke7 27. h3 Bd7
28. g4 Be8 29. Kg2 Bf7 30. Kg3 Nd7 31. a5 Rf8 32. Rfd1 Nxc5 33. bxc5 Rd8 34.
Rd3 Bg6 35. Rb3 Be4 36. Rb4 h6 37. Rc3 Rdd7 38. Rcb3 g5 39. Rb2 f5 40. Rh2 Kf6
41. h4 gxh4+ 42. Rxh4 Rh7 43. Rxh6+ Rxh6 44. g5+ Kg6 45. gxh6 Re7 46. Rb2 Kxh6
47. Rh2+ Kg7 48. Rh5 Re8 49. Be2 Bd5 50. Kh4 Kg6 51. Rg5+ Kf6 52. Bh5 Re7 53.
Rg6+ Kf7 54. Kg5 Kf8 55. Rh6 Kg7 56. Bg6 Kg8 57. Kf6 Rc7 58. Be8 Bc4 59. Bh5
Bd5 60. Ke5 Rd7 61. Rg6+ Kf8 62. Rf6+ {Z} Kg7 63. Rg6+ Kf8 64. Rg3 Rd8 65. Be2
Kf7 66. Bh5+ Kf8 67. Kf6 Rd7 68. Bf3 Bc4 69. Rh3 Kg8 {Diagram #} 70. d5 Bxd5
71. Bxd5 Rxd5 72. Kxe6 Rxc5 73. e4 fxe4 74. f5 Rc2 75. f6 Rf2 76. Ke7 e3 77.
Rxe3 Rf1 78. Re2 Rf3 79. Rg2+ Kh7 80. f7 Re3+ 81. Kf8 1-0

[Event "POL-chT"]
[Site "Leba"]
[Date "1989.10.02"]
[Round "2"]
[White "Ciszek, Mieczyslaw"]
[Black "Panczyk, Krzysztof"]
[Result "0-1"]
[WhiteElo "2235"]
[BlackElo "2400"]
[PlyCount "128"]
[EventDate "1989.10.??"]
[EventType "team"]
[EventRounds "11"]
[EventCountry "POL"]

1. e4 e5 2. Nf3 Nc6 3. Bb5 a6 4. Ba4 Nf6 5. O-O Be7 6. Re1 b5 7. Bb3 O-O 8. c3
d6 9. h3 h6 10. d4 Re8 11. Nbd2 Bf8 12. Nf1 Bb7 13. Ng3 Na5 14. Bc2 Nc4 15. b3
Nb6 16. Bb2 c5 17. d5 g6 18. a4 bxa4 19. bxa4 a5 20. Bd3 c4 21. Bf1 Nfd7 22.
Ba3 Rb8 23. Nd2 Ba6 24. Be2 {R} Qc7 25. h4 Nc5 26. Bxc5 Qxc5 27. Bg4 Qc7 28. h5
Nd7 29. hxg6 fxg6 30. Be6+ Kh7 31. Qg4 Nc5 32. Nf3 Nxe6 33. dxe6 Qe7 34. Rab1
Rb3 35. Rxb3 cxb3 36. Nd2 b2 37. c4 Bc8 38. Qf3 Qb7 39. Qf7+ Qxf7 40. exf7 Re7
41. Rb1 Rb7 42. Ne2 Be6 43. Nc3 Rb4 44. Na2 Rxa4 45. Rxb2 Bxc4 46. Nc3 Ra1+ 47.
Kh2 Bxf7 48. Nd5 g5 49. Rb8 Kg7 50. Ne3 Be6 51. Ndf1 a4 52. Ng3 a3 53. Ngf5+
Kf7 54. Ra8 a2 55. Nd5 Bxf5 56. exf5 {Diagram #} Rd1 57. Ra7+ Be7 58. Rxe7+ Kf8
59. Ra7 a1=Q 60. Rxa1 Rxa1 61. Kg3 Ra4 62. Nf6 Kf7 63. Nd5 Rd4 64. Ne3 Kf6 0-1

[Event "POL-chT"]
[Site "Bydgoszcz"]
[Date "1990.09.21"]
[Round "6"]
[White "Wojcieszyn, Jacenty"]
[Black "Panczyk, Krzysztof"]
[Result "0-1"]
[WhiteElo "2315"]
[BlackElo "2400"]
[PlyCount "50"]
[EventDate "1990.09.??"]
[EventType "team"]
[EventRounds "11"]
[EventCountry "POL"]

1. d4 Nf6 2. c4 e6 3. Nf3 b6 4. Nc3 Bb4 5. Qc2 Bb7 6. a3 Bxc3+ 7. Qxc3 d6 8. e3
Nbd7 9. Be2 O-O 10. O-O Ne4 11. Qc2 f5 12. Nd2 Qg5 13. Nf3 Qh6 14. Ne1 Ng5 15.
f3 Rf6 16. Bd1 Rg6 17. Kh1 Nf6 18. f4 Be4 19. Qd2 {Diagram #} Bxg2+ 20. Nxg2
Nge4 21. Qe1 Qh3 22. Nh4 Ng3+ 23. Kg1 Qxh4 24. Rf2 Nge4+ 25. Kf1 Qh3+ 0-1

[Event "Douai op"]
[Site "Douai"]
[Date "1991.05.04"]
[Round "1"]
[White "Panczyk, Krzysztof"]
[Black "Dimitrov, Notyu"]
[Result "1-0"]
[WhiteElo "2415"]
[BlackElo "2200"]
[PlyCount "77"]
[EventDate "1991.05.??"]
[EventType "swiss"]
[EventRounds "9"]
[EventCountry "FRA"]

1. d4 Nf6 2. c4 g6 3. Nc3 Bg7 4. e4 d6 5. Bd3 O-O 6. Nge2 e5 7. d5 Nbd7 8. O-O
Nc5 9. Bc2 Nh5 10. Be3 b6 11. b4 Nd7 12. Qd2 f5 13. exf5 gxf5 14. Bg5 Ndf6 15.
Ng3 Nxg3 16. fxg3 e4 17. g4 Qe8 18. gxf5 Qh5 19. Rae1 Ng4 20. h3 e3 21. Bxe3
Nxe3 22. Qxe3 Be5 23. Nb5 Qh4 24. Qe4 Qxe4 25. Rxe4 Rf7 26. Nd4 Bd7 27. g4 a5
28. b5 Kh8 29. Ne6 Rg8 30. Kg2 h5 31. g5 Bxe6 32. dxe6 Rxg5+ 33. Kh1 Rf6 34. e7
Rg8 35. Rh4 Rh6 36. f6 Bxf6 37. Rxf6 Rxf6 38. Rxh5+ Kg7 39. Rh7# 1-0

[Event "POL-chT"]
[Site "Rewal"]
[Date "1992.09.26"]
[Round "10"]
[White "Typek, Konrad"]
[Black "Panczyk, Krzysztof"]
[Result "1-0"]
[WhiteElo "2395"]
[BlackElo "2415"]
[Annotator "Krzysztof Panczyk"]
[PlyCount "91"]
[EventDate "1992.09.??"]
[EventType "team"]
[EventRounds "11"]
[EventCountry "POL"]

1. e4 e5 2. Nf3 Nc6 3. d4 exd4 4. Nxd4 Bc5 5. Be3 Qf6 6. c3 Nge7 7. Bc4 O-O 8.
O-O Bb6 9. Bb3 d6 10. Kh1 Qg6 11. f3 Kh8 12. Nd2 f5 13. Nxc6 bxc6 14. Bxb6 axb6
15. Re1 f4 16. e5 d5 17. Bc2 Qh6 18. Nf1 Be6 19. a4 g5 20. b4 Rg8 21. a5 g4 22.
fxg4 Bxg4 23. Qd2 Nf5 24. e6 Rae8 25. axb6 cxb6 26. Ra7 Rg6 27. b5 {R} Bf3 $1
28. gxf3 Reg8 29. Qf2 {Diagram #} Qh4 $4 (29... Qh3 $1 $19) 30. Rxh7+ Kxh7 31.
Qxh4+ Nxh4 32. Bxg6+ Nxg6 33. bxc6 Ne7 34. Rb1 Rc8 35. Rxb6 Rxc6 36. Rxc6 Nxc6
37. Nd2 Kg7 38. Nb3 Kf6 39. Nd4 Ne5 40. Kg2 Nd3 41. h4 Nb2 42. Kh3 Na4 43. Kg4
Nxc3 44. Kxf4 Na4 45. h5 Nb6 46. h6 1-0

[Event "POL-chT"]
[Site "Lubniewice"]
[Date "1993.09.30"]
[Round "8"]
[White "Panczyk, Krzysztof"]
[Black "Jonczyk, Wieslaw"]
[Result "1-0"]
[WhiteElo "2410"]
[BlackElo "2330"]
[PlyCount "61"]
[EventDate "1993.10.??"]
[EventType "team"]
[EventRounds "11"]
[EventCountry "POL"]

1. d4 d5 2. c4 dxc4 3. e3 Nf6 4. Bxc4 e6 5. Nf3 c5 6. O-O a6 7. Bb3 b5 8. a4 b4
9. a5 Bb7 10. Ba4+ Nbd7 11. Ne5 Qc7 12. Nd2 Be7 13. Ndc4 O-O 14. Bd2 cxd4 15.
Nxd7 Nxd7 16. Rc1 Rad8 17. Nb6 Qd6 18. Bxd7 Rxd7 19. Nxd7 Qxd7 20. exd4 Qd5 21.
Qf3 Qb5 22. Qg3 Rd8 23. Bh6 Bf8 24. Rc5 Qd7 25. Rc7 Qd5 26. h3 Kh8 27. Bf4 f6
28. h4 Ba8 29. Be3 Qxa5 30. Rfc1 Kg8 {Diagram #} 31. Rxg7+ 1-0

[Event "POL-chT"]
[Site "Lubniewice"]
[Date "1993.10.03"]
[Round "11"]
[White "Franczak, Adrian"]
[Black "Panczyk, Krzysztof"]
[Result "0-1"]
[WhiteElo "2270"]
[BlackElo "2410"]
[PlyCount "76"]
[EventDate "1993.10.??"]
[EventType "team"]
[EventRounds "11"]
[EventCountry "POL"]

1. d4 Nf6 2. c4 e6 3. g3 c5 4. Nf3 cxd4 5. Nxd4 d5 6. Bg2 e5 7. Nf3 d4 8. O-O
Nc6 9. e4 Be7 10. Ne1 O-O 11. Nd3 Bg4 12. Bf3 Be6 13. b3 a5 14. a4 Qd7 15. Ba3
b6 16. Nd2 Bxa3 17. Rxa3 Qe7 18. Ra1 Nd7 19. Bg4 Bxg4 20. Qxg4 Rad8 21. Nf3 $2
{Diagram #} f5 22. exf5 Nf6 23. Qh4 e4 24. Rae1 Qd7 25. Nde5 Nxe5 26. Nxe5 Qxf5
27. f4 e3 28. g4 Qe4 29. g5 Nd7 30. Ng4 e2 31. Rf2 d3 32. f5 d2 33. Nh6+ gxh6
34. Qxe4 dxe1=Q+ 35. Kg2 Nc5 36. Qg4 Qh1+ 37. Kxh1 e1=Q+ 38. Kg2 Qe4+ 0-1

[Event "POL-ch teachers Nisko"]
[Site "Nisko"]
[Date "1994.08.12"]
[Round "1"]
[White "Panczyk, Krzysztof"]
[Black "Krawcewicz, Lucyna"]
[Result "1-0"]
[WhiteElo "2400"]
[BlackElo "1953"]
[PlyCount "61"]
[EventDate "1994.08.??"]
[EventType "swiss"]
[EventRounds "9"]
[EventCountry "POL"]

1. d4 d5 2. c4 c6 3. Nf3 e6 4. e3 Nf6 5. Bd3 Bd6 6. O-O Nbd7 7. Nc3 O-O 8. e4
dxe4 9. Nxe4 Nxe4 10. Bxe4 f5 11. Bc2 h6 12. Re1 Nf6 13. Bd2 c5 14. dxc5 Bxc5
15. b4 Bd4 16. Nxd4 Qxd4 17. Bb3 Qh4 18. Qf3 Ne4 19. Bf4 Qf6 20. c5 g5 21. Bd6
Rf7 22. Rad1 Bd7 {Diagram #} 23. Rxe4 fxe4 24. Qxf6 Rxf6 25. Be7 Rg6 26. Rxd7
a5 27. Rxb7 axb4 28. c6 Rc8 29. c7 Kf7 30. Bd8 Ke8 31. Ba4+ 1-0